Finančné vrstvenie a krytie strát
Uložené v:
| Hlavný autor: | |
|---|---|
| Ďalší autori: | |
| Médium: | Kapitola |
| Jazyk: | Slovak |
| Predmet: | |
| Tagy: |
Žiadne tagy, Buďte prvý, kto otaguje tento záznam!
|
MARC
| LEADER | 00000naa$a2200000$$$4500 | ||
|---|---|---|---|
| 001 | 0064898 | ||
| 005 | 20240502071750.2 | ||
| 041 | 0 | |a slo | |
| 044 | |a SK | ||
| 245 | 1 | 0 | |a Finančné vrstvenie a krytie strát |c Ľudovít Pinda, Anna Starečková |
| 500 | |a Abstrakt | ||
| 610 | 2 | 0 | |a riziko podnikateľské |
| 610 | 2 | 0 | |a strata |
| 610 | 2 | 0 | |a financovanie |
| 610 | 2 | 0 | |a poistenie |
| 610 | 2 | 0 | |a zdroje finančné vlastné |
| 610 | 2 | 0 | |a úver |
| 610 | 2 | 0 | |a modely |
| 100 | 1 | |a Pinda, Ľudovít, 1958- | |
| 700 | 1 | |a Starečková, Anna | |